00731naa#a2200169#i#4500001002200000005001700022011001400039100004100053102000700094200006400101210005100165215001000216608002700226675026700253700002700520856001400547EN\INFRA-M\bibl\9615320260704080943.6##a2305-7807##a20250227b2025####ek#y0engy0150####ca##aRU1#aLABOR MARKET: NEW REALITIES AND CHALLENGESeJournal article1#aMoscowcINFRA-M Academic Publishing LLC.d2025##a3 с.##aJournal article2local##aТеория и организация труда. Взаимоотношения между предприятием и персоналом, между работодателями и работающими, между трудом и капиталом. 331.1#1aGurovagYEkatyerina V.4#azh-szf.ru